<?xml version="1.0" encoding="UTF-8"?>
<record
    xmlns:xsi="http://www.w3.org/2001/XMLSchema-instance"
    xsi:schemaLocation="http://www.loc.gov/MARC21/slim http://www.loc.gov/standards/marcxml/schema/MARC21slim.xsd"
    xmlns="http://www.loc.gov/MARC21/slim">

  <leader>00762nam a2200265 a 4500</leader>
  <datafield tag="999" ind1=" " ind2=" ">
    <subfield code="c">5813</subfield>
    <subfield code="d">5813</subfield>
  </datafield>
  <controlfield tag="005">20200601130343.0</controlfield>
  <controlfield tag="008">200601b           ||||| |||| 00| 0 spa d</controlfield>
  <datafield tag="020" ind1=" " ind2=" ">
    <subfield code="a">0660107317</subfield>
  </datafield>
  <datafield tag="040" ind1=" " ind2=" ">
    <subfield code="a">CO-BoIAVH</subfield>
    <subfield code="c">CO-BoIAVH</subfield>
  </datafield>
  <datafield tag="041" ind1=" " ind2=" ">
    <subfield code="a">eng</subfield>
  </datafield>
  <datafield tag="090" ind1=" " ind2=" ">
    <subfield code="a">LB</subfield>
    <subfield code="b">05056</subfield>
  </datafield>
  <datafield tag="245" ind1=" " ind2=" ">
    <subfield code="a">Manual of nearctic diptera</subfield>
  </datafield>
  <datafield tag="260" ind1=" " ind2=" ">
    <subfield code="a">Ottawa</subfield>
    <subfield code="b">Minister of Supply and Services Canada</subfield>
    <subfield code="c">1981</subfield>
  </datafield>
  <datafield tag="300" ind1=" " ind2=" ">
    <subfield code="a">3 Vols.</subfield>
  </datafield>
  <datafield tag="650" ind1=" " ind2="0">
    <subfield code="a">Insectos</subfield>
    <subfield code="x">Clasificaci&#xF3;n</subfield>
    <subfield code="9">103236</subfield>
  </datafield>
  <datafield tag="650" ind1=" " ind2="0">
    <subfield code="a">Diptera</subfield>
    <subfield code="x">Clasificaci&#xF3;n</subfield>
    <subfield code="9">103237</subfield>
  </datafield>
  <datafield tag="700" ind1=" " ind2=" ">
    <subfield code="a">McAlpine, J. F.</subfield>
    <subfield code="9">92380</subfield>
  </datafield>
  <datafield tag="700" ind1=" " ind2=" ">
    <subfield code="a">Peterson, B.V.</subfield>
    <subfield code="9">92381</subfield>
  </datafield>
  <datafield tag="700" ind1=" " ind2=" ">
    <subfield code="a">Shewell, G. E.</subfield>
    <subfield code="9">92382</subfield>
  </datafield>
  <datafield tag="700" ind1=" " ind2=" ">
    <subfield code="a">Teskey, H. J.</subfield>
    <subfield code="9">92383</subfield>
  </datafield>
  <datafield tag="700" ind1=" " ind2=" ">
    <subfield code="a">Vocreroth, J. R.</subfield>
    <subfield code="9">92384</subfield>
  </datafield>
  <datafield tag="700" ind1=" " ind2=" ">
    <subfield code="a">Wood, D. M.</subfield>
    <subfield code="9">92385</subfield>
  </datafield>
  <datafield tag="942" ind1=" " ind2=" ">
    <subfield code="c">LIBRO</subfield>
    <subfield code="0">3</subfield>
    <subfield code="2">ddc</subfield>
  </datafield>
  <datafield tag="945" ind1=" " ind2=" ">
    <subfield code="d">2007-09-17</subfield>
  </datafield>
  <datafield tag="952" ind1=" " ind2=" ">
    <subfield code="0">0</subfield>
    <subfield code="1">0</subfield>
    <subfield code="2">ddc</subfield>
    <subfield code="4">0</subfield>
    <subfield code="7">0</subfield>
    <subfield code="8">GENERAL</subfield>
    <subfield code="a">Villa</subfield>
    <subfield code="b">Villa</subfield>
    <subfield code="d">2007-09-17</subfield>
    <subfield code="e">Ospina, M&#xF3;nica</subfield>
    <subfield code="l">1</subfield>
    <subfield code="o">LB-05056</subfield>
    <subfield code="p">025203</subfield>
    <subfield code="r">2014-08-28 00:00:00</subfield>
    <subfield code="s">2014-07-23</subfield>
    <subfield code="t">V.1 Ej.1</subfield>
    <subfield code="w">2012-12-04</subfield>
    <subfield code="y">Folleto</subfield>
  </datafield>
  <datafield tag="952" ind1=" " ind2=" ">
    <subfield code="0">0</subfield>
    <subfield code="1">0</subfield>
    <subfield code="2">ddc</subfield>
    <subfield code="4">0</subfield>
    <subfield code="7">0</subfield>
    <subfield code="8">GENERAL</subfield>
    <subfield code="a">Villa</subfield>
    <subfield code="b">Villa</subfield>
    <subfield code="d">2007-09-17</subfield>
    <subfield code="e">Ospina, M&#xF3;nica</subfield>
    <subfield code="l">1</subfield>
    <subfield code="o">LB-05056</subfield>
    <subfield code="p">025204</subfield>
    <subfield code="r">2014-08-28 00:00:00</subfield>
    <subfield code="s">2014-07-23</subfield>
    <subfield code="t">V.2 Ej.1</subfield>
    <subfield code="w">2012-12-04</subfield>
    <subfield code="y">Folleto</subfield>
  </datafield>
  <datafield tag="952" ind1=" " ind2=" ">
    <subfield code="0">0</subfield>
    <subfield code="1">0</subfield>
    <subfield code="2">ddc</subfield>
    <subfield code="4">0</subfield>
    <subfield code="7">0</subfield>
    <subfield code="8">GENERAL</subfield>
    <subfield code="a">Villa</subfield>
    <subfield code="b">Villa</subfield>
    <subfield code="d">2007-09-17</subfield>
    <subfield code="e">Ospina, M&#xF3;nica</subfield>
    <subfield code="l">1</subfield>
    <subfield code="o">LB-05056</subfield>
    <subfield code="p">025205</subfield>
    <subfield code="r">2014-08-28 00:00:00</subfield>
    <subfield code="s">2014-07-23</subfield>
    <subfield code="t">V.3 Ej.1</subfield>
    <subfield code="w">2012-12-04</subfield>
    <subfield code="y">Folleto</subfield>
  </datafield>
</record>
